[Event "Rated Blitz game"]
[Site "?"]
[Date "2021.01.26"]
[Round "?"]
[White "Chessibague"]
[Black "Jomajo"]
[Result "0-1"]
[WhiteElo "2527"]
[BlackElo "2567"]
[PlyCount "118"]
[EventDate "2021.??.??"]
[EventType "blitz"]

1. e4 e5 2. Nf3 d5 3. d4 dxe4 4. Nxe5 Bd6 5. Nc4 Nf6 6. Be2 O-O 7. Nc3 h6 8.
Be3 Nc6 9. Qd2 Re8 10. Nxd6 Qxd6 11. O-O-O a6 12. h3 b5 13. g4 Nd5 14. g5 hxg5
15. Bxg5 Nxc3 16. Qxc3 Nb4 17. Qe3 Nxa2+ 18. Kb1 Nb4 19. Rhg1 Kf8 20. Bf4 Qd5
21. Qa3 a5 22. Bxc7 Kg8 23. Be5 g6 24. h4 Bf5 25. h5 e3 26. Bd3 Nxd3 27. hxg6
fxg6 28. cxd3 exf2 29. Rgf1 Qf3 30. Qb3+ Re6 31. Rd2 Rf8 32. Rdxf2 Qxd3+ 33.
Ka2 Qxb3+ 34. Kxb3 Rfe8 35. Rh2 Rxe5 36. dxe5 Rxe5 37. Kc3 Re3+ 38. Kd4 Rb3 39.
Rc1 Kf7 40. Rc7+ Kf6 41. Rc6+ Kg5 42. Ke5 Re3+ 43. Kd4 Re4+ 44. Kd5 Rb4 45.
Rg2+ Kf4 46. Rc5 a4 47. Rd2 a3 48. bxa3 Rb3 49. Rd4+ Kg5 50. a4 bxa4 51. Rxa4
Rb1 52. Ke5 Rd1 53. Rd5 Re1+ 54. Kd6 Rf1 55. Re5 Re1 56. Raa5 Rd1+ 57. Red5 Rb1
58. Rxf5+ gxf5 59. Ke6 Kg4 {Time forfeit} 0-1

[Event "Rated Blitz game"]
[Site "?"]
[Date "2021.01.26"]
[Round "?"]
[White "aliovchess"]
[Black "Schachelite"]
[Result "0-1"]
[WhiteElo "2486"]
[BlackElo "2404"]
[PlyCount "48"]
[EventDate "2021.??.??"]
[EventType "blitz"]

1. e4 e5 2. Nf3 d5 3. Nxe5 Bd6 4. d4 dxe4 5. Nc4 Nf6 6. Be2 Nc6 7. c3 O-O 8.
O-O a6 9. Nbd2 b5 10. Nxd6 Qxd6 11. Nb3 Be6 12. Nc5 Bd5 13. a4 Ne7 14. axb5
axb5 15. Rxa8 Rxa8 16. Bxb5 Nf5 17. Bg5 Rb8 18. Qe2 c6 19. Ba4 Ra8 20. b4 h6
21. Bxf6 Qxf6 22. Bb3 Qg6 23. g3 Nh4 24. Qe3 Nf3+ {Time forfeit} 0-1

[Event "Rated Blitz game"]
[Site "?"]
[Date "2021.01.25"]
[Round "?"]
[White "ChrisPaul3"]
[Black "asanovski"]
[Result "1-0"]
[WhiteElo "2383"]
[BlackElo "2428"]
[PlyCount "107"]
[EventDate "2021.??.??"]
[EventType "blitz"]

1. e4 e5 2. Nf3 d5 3. Nxe5 Bd6 4. d4 dxe4 5. Nc4 Nf6 6. Nxd6+ cxd6 7. Bb5+ Bd7
8. Bxd7+ Nbxd7 9. O-O O-O 10. c3 d5 11. Bg5 h6 12. Bxf6 Nxf6 13. Na3 Qd7 14.
Nc2 b5 15. Ne3 a5 16. a4 b4 17. cxb4 axb4 18. a5 Qb5 19. Qa4 Qxa4 20. Rxa4 Rfb8
21. Rc1 Rb5 22. a6 Rb6 23. Rca1 Ra7 24. h3 Kf8 25. Ra5 Ke7 26. Nxd5+ Nxd5 27.
Rxd5 Rbxa6 28. Re5+ Kd6 29. Rxa6+ Rxa6 30. Rxe4 Ra1+ 31. Kh2 Rd1 32. d5 Kc5 33.
Re7 Rd2 34. Rc7+ Kd6 35. Rxf7 Rxb2 36. Rxg7 Rxf2 37. Rg6+ Kxd5 38. Rxh6 b3 39.
Rb6 b2 40. Kg3 Rd2 41. h4 Kc5 42. Rb8 Kc4 43. Rc8+ Kd3 44. Rb8 Kc2 45. Rc8+ Kd1
46. Rb8 Kc1 47. Kf3 Rd4 48. g4 b1=Q 49. Rxb1+ Kxb1 50. h5 Kc2 51. h6 Kd3 52. g5
Rd6 53. h7 Rd7 54. g6 {Time forfeit} 1-0

[Event "Rated Blitz game"]
[Site "?"]
[Date "2021.01.25"]
[Round "?"]
[White "Fleetwood_Mac"]
[Black "GoughPhar"]
[Result "0-1"]
[WhiteElo "2502"]
[BlackElo "2364"]
[PlyCount "74"]
[EventDate "2021.??.??"]
[EventType "blitz"]

1. e4 e5 2. Nf3 d5 3. exd5 e4 4. Nd4 Nf6 5. d3 Qxd5 6. dxe4 Qxe4+ 7. Be3 Bg4 8.
Qd2 Nc6 9. f3 Bxf3 10. gxf3 Qh4+ 11. Bf2 Qh5 12. Nxc6 bxc6 13. Nc3 Rd8 14. Qe2+
Be7 15. Rd1 O-O 16. f4 Qa5 17. Bg2 Bb4 18. O-O Bxc3 19. bxc3 Qxc3 20. Rxd8 Rxd8
21. Qe5 Qxc2 22. Qxc7 Rf8 23. Qxa7 h5 24. a3 Ng4 25. Qc5 Qa2 26. Bxc6 Rc8 27.
Qxh5 Nxf2 28. Rxf2 Qb1+ 29. Kg2 Rxc6 30. Rd2 Rg6+ 31. Kf2 Qg1+ 32. Ke2 Re6+ 33.
Kd3 Qe3+ 34. Kc2 Rc6+ 35. Kd1 Qg1+ 36. Ke2 Qg2+ 37. Kd3 Rd6+ {Normal} 0-1

[Event "Rated Blitz game"]
[Site "?"]
[Date "2021.01.25"]
[Round "?"]
[White "AlphaMinusOne"]
[Black "oZDr0Zo"]
[Result "0-1"]
[WhiteElo "2254"]
[BlackElo "2419"]
[PlyCount "20"]
[EventDate "2021.??.??"]
[EventType "blitz"]

1. e4 e5 2. Nf3 d5 3. exd5 e4 4. Qe2 Nf6 5. d3 Qxd5 6. Nc3 Bb4 7. Bd2 Bxc3 8.
Bxc3 O-O 9. O-O-O exf3 10. gxf3 Qxa2 {Normal} 0-1

[Event "Rated Blitz game"]
[Site "?"]
[Date "2021.01.25"]
[Round "?"]
[White "Viktor_Ten"]
[Black "oZDr0Zo"]
[Result "0-1"]
[WhiteElo "2431"]
[BlackElo "2414"]
[PlyCount "30"]
[EventDate "2021.??.??"]
[EventType "blitz"]

1. e4 e5 2. Nf3 d5 3. exd5 e4 4. Qe2 Nf6 5. d3 Qxd5 6. Ng5 Nc6 7. Nxe4 Be6 8.
Nbc3 Bb4 9. Bd2 Qa5 10. a3 O-O-O 11. Nxf6 gxf6 12. O-O-O Bxa3 13. Qf3 Qb4 14.
bxa3 Qxa3+ 15. Kb1 Rd4 {Time forfeit} 0-1

[Event "Rated Blitz game"]
[Site "?"]
[Date "2021.01.25"]
[Round "?"]
[White "Fleetwood_Mac"]
[Black "GoughPhar"]
[Result "1-0"]
[WhiteElo "2502"]
[BlackElo "2363"]
[PlyCount "49"]
[EventDate "2021.??.??"]
[EventType "blitz"]

1. e4 e5 2. Nf3 d5 3. exd5 e4 4. Nd4 Nf6 5. d3 Qxd5 6. Nb3 Bg4 7. Be2 exd3 8.
Bxg4 Qxg2 9. Bf3 dxc2 10. Bxg2 cxd1=Q+ 11. Kxd1 Nc6 12. Bxc6+ bxc6 13. Kc2
O-O-O 14. Bg5 Be7 15. Re1 Rhe8 16. Nc3 h6 17. Be3 Kb7 18. Bc5 Bd6 19. h3 Nh5
20. Na5+ Ka6 21. Bxd6 Rxe1 22. Rxe1 Rxd6 23. Nc4 Rf6 24. Ne4 Rf4 25. a4 {Normal
} 1-0

[Event "Rated Blitz game"]
[Site "?"]
[Date "2021.01.25"]
[Round "?"]
[White "Korkmaz16"]
[Black "Mettigel"]
[Result "0-1"]
[WhiteElo "2457"]
[BlackElo "2458"]
[PlyCount "87"]
[EventDate "2021.??.??"]
[EventType "blitz"]

1. e4 e5 2. Nf3 d5 3. Nxe5 Bd6 4. d4 dxe4 5. Nc4 Nf6 6. Nc3 Bf5 7. Ne3 Bg6 8.
Nc4 h6 9. Be2 Nc6 10. Be3 Bb4 11. Qd2 Nd5 12. a3 Bxc3 13. bxc3 O-O 14. O-O f5
15. Bf4 Bh7 16. Ne5 Nxf4 17. Qxf4 Nxe5 18. Qxe5 Qd6 19. Bc4+ Kh8 20. Qb5 b6 21.
a4 f4 22. Qd5 Qf6 23. a5 Rad8 24. Qe6 Qg5 25. axb6 axb6 26. g3 Bf5 27. Qe5 f3
28. Qxc7 e3 29. Qf4 Qxf4 30. gxf4 e2 31. Rfe1 Bg4 32. Rab1 Rd6 33. Bd3 Rxf4 34.
Rb5 Bh3 35. Re5 Rg4+ 36. Kh1 g5 37. Re8+ Kg7 38. Re7+ Kf6 39. Re5 Rc6 40. c4
Rd6 41. d5 Kxe5 42. Bxe2 Bg2+ 43. Kg1 Kd4 44. Bf1 {Normal} 0-1

[Event "Rated Blitz game"]
[Site "?"]
[Date "2021.01.25"]
[Round "?"]
[White "patzer001"]
[Black "Jenlen3001"]
[Result "0-1"]
[WhiteElo "2456"]
[BlackElo "2491"]
[PlyCount "60"]
[EventDate "2021.??.??"]
[EventType "blitz"]

1. e4 e5 2. Nf3 d5 3. d3 dxe4 4. dxe4 Qxd1+ 5. Kxd1 Bg4 6. Be2 Bxf3 7. Bxf3 Bc5
8. Ke2 Nc6 9. c3 h5 10. Nd2 a5 11. Nb3 Bb6 12. Be3 Bxe3 13. Kxe3 O-O-O 14. Rad1
g6 15. Nc5 b6 16. Rxd8+ Kxd8 17. Rd1+ Kc8 18. Nd3 Nge7 19. b4 axb4 20. cxb4 f6
21. b5 Nd4 22. a4 Kb7 23. Nb2 Ra8 24. g3 Nc8 25. Bg2 Nd6 26. f4 g5 27. fxe5
fxe5 28. Nd3 Nc4+ 29. Kf2 Rxa4 30. Nxe5 Nxe5 {Normal} 0-1

[Event "Rated Blitz game"]
[Site "?"]
[Date "2021.01.25"]
[Round "?"]
[White "JQuiroga18"]
[Black "oZDr0Zo"]
[Result "1/2-1/2"]
[WhiteElo "2411"]
[BlackElo "2381"]
[PlyCount "41"]
[EventDate "2021.??.??"]
[EventType "blitz"]

1. e4 e5 2. Nf3 d5 3. Nxe5 dxe4 4. d4 Bd6 5. Nc4 Nc6 6. Be3 f5 7. d5 Nce7 8.
Nc3 Nf6 9. Nxd6+ Qxd6 10. Bb5+ Bd7 11. Qd4 Nexd5 12. Bxd7+ Qxd7 13. O-O-O Nxc3
14. Qxc3 Qe6 15. Bc5 Qxa2 16. Qe5+ Kf7 17. Qxc7+ Kg6 18. Qg3+ Kf7 19. Qc7+ Kg6
20. Qg3+ Kf7 21. Qc7+ {Normal} 1/2-1/2

[Event "Rated Blitz game"]
[Site "?"]
[Date "2021.01.25"]
[Round "?"]
[White "ANIMAL1984"]
[Black "gammadrill"]
[Result "1-0"]
[WhiteElo "2543"]
[BlackElo "2517"]
[PlyCount "99"]
[EventDate "2021.??.??"]
[EventType "blitz"]

1. e4 e5 2. Nf3 d5 3. Nxe5 Bd6 4. d4 dxe4 5. Nc4 Nf6 6. Nc3 O-O 7. h3 Re8 8.
Ne3 Nc6 9. a3 h6 10. Bc4 a6 11. b4 b5 12. Bb3 Bb7 13. Bb2 Qe7 14. Ncd5 Nxd5 15.
Nxd5 Qg5 16. Qg4 Qxg4 17. hxg4 Rad8 18. Ne3 Bf4 19. O-O-O Ne7 20. Kb1 Bxe3 21.
fxe3 Bd5 22. Rh5 c6 23. c4 bxc4 24. Bc2 Rd6 25. Rf1 Rg6 26. Rf4 Nc8 27. Re5
Rxe5 28. dxe5 h5 29. gxh5 Rxg2 30. Bxe4 Rh2 31. Bf5 Ne7 32. Bg4 Rg2 33. Bd4 Be6
34. Bf3 Rh2 35. e4 Kh7 36. Bc5 Ng8 37. a4 c3 38. Bd1 Rb2+ 39. Kc1 Ra2 40. Kb1
Rd2 41. Kc1 Ra2 42. Kb1 Rd2 43. Bc2 Nh6 44. Rf3 Ng4 45. Rxc3 Nxe5 46. b5 axb5
47. a5 Nc4 48. a6 Rd8 49. a7 Ra8 50. e5+ {Time forfeit} 1-0

[Event "Rated Blitz game"]
[Site "?"]
[Date "2021.01.25"]
[Round "?"]
[White "fliping"]
[Black "Sisyphus_64"]
[Result "0-1"]
[WhiteElo "2411"]
[BlackElo "2421"]
[PlyCount "62"]
[EventDate "2021.??.??"]
[EventType "blitz"]

1. e4 e5 2. Nf3 d5 3. exd5 Bd6 4. d4 e4 5. Nfd2 f5 6. c4 b6 7. Nc3 Nf6 8. Nb3
O-O 9. c5 bxc5 10. dxc5 Be5 11. Bc4 Kh8 12. Bg5 Ba6 13. Qe2 Bxc3+ 14. bxc3 Bxc4
15. Qxc4 Qxd5 16. Qd4 Nc6 17. Qxd5 Nxd5 18. c4 Ndb4 19. O-O a5 20. Bf4 a4 21.
Nd2 Rf7 22. g3 h6 23. h4 Nd3 24. Be3 Rd8 25. Rab1 Nde5 26. Kg2 Rfd7 27. Rb2 a3
28. Rb3 Rxd2 29. Bxd2 Rxd2 30. Rxa3 Kh7 31. h5 Nd4 {Normal} 0-1

[Event "Rated Blitz game"]
[Site "?"]
[Date "2021.01.25"]
[Round "?"]
[White "Urquharts"]
[Black "Schachelite"]
[Result "0-1"]
[WhiteElo "2414"]
[BlackElo "2414"]
[PlyCount "82"]
[EventDate "2021.??.??"]
[EventType "blitz"]

1. e4 e5 2. Nf3 d5 3. Nxe5 Bd6 4. d4 dxe4 5. Nc4 Nf6 6. Nc3 O-O 7. Nxd6 Qxd6 8.
Be2 Nc6 9. Be3 Bf5 10. d5 Nb4 11. Nb5 Qd7 12. Bc5 Nbxd5 13. Bxf8 Rxf8 14. Nd4
Bg6 15. O-O Nf4 16. Nb3 Qe7 17. Qd2 Qe5 18. Rfe1 b6 19. Rad1 c5 20. Bf1 Ng4 21.
Qd6 Qg5 22. h4 Qh6 23. g3 Ne6 24. Bh3 Bf5 25. Rd5 Qf6 26. c3 h5 27. Bxg4 Bxg4
28. Nd2 Bf3 29. Nxe4 Qg6 30. Re5 Rd8 31. Qe7 Rf8 32. Ng5 Nxg5 33. Qxg5 Qc6 34.
Rf5 Bh1 35. f3 f6 36. Qf4 Qb5 37. Re7 Qxb2 38. Rxg7+ Kxg7 39. Rg5+ fxg5 40.
Qxg5+ Kf7 41. Qxh5+ Ke7 {Time forfeit} 0-1

[Event "Rated Blitz game"]
[Site "?"]
[Date "2021.01.25"]
[Round "?"]
[White "leroquentin"]
[Black "Sisyphus_64"]
[Result "0-1"]
[WhiteElo "2267"]
[BlackElo "2414"]
[PlyCount "64"]
[EventDate "2021.??.??"]
[EventType "blitz"]

1. e4 e5 2. Nf3 d5 3. Nxe5 Bd6 4. d4 dxe4 5. Nc4 Nf6 6. Nc3 h6 7. Be2 Bb4 8.
Be3 O-O 9. O-O Nc6 10. d5 Ne7 11. d6 cxd6 12. Bd4 d5 13. Bxf6 gxf6 14. Nd2 Bxc3
15. bxc3 Qc7 16. c4 Rd8 17. Qc1 f5 18. cxd5 Nxd5 19. Nb3 Nc3 20. Bh5 f4 21. Re1
Rd5 22. Be2 f3 23. gxf3 Rg5+ 24. Kh1 Nxe2 25. Rxe2 Bh3 26. Re3 Bg2+ 27. Kg1
Bxf3+ 28. Kf1 Qxh2 29. Rxf3 exf3 30. Ke1 Rd8 31. Nd2 Re5+ 32. Ne4 Qg1# {Normal}
0-1

[Event "Rated Blitz game"]
[Site "?"]
[Date "2021.01.25"]
[Round "?"]
[White "JelenaZ"]
[Black "Jomajo"]
[Result "1-0"]
[WhiteElo "2529"]
[BlackElo "2581"]
[PlyCount "89"]
[EventDate "2021.??.??"]
[EventType "blitz"]

1. e4 e5 2. Nf3 d5 3. exd5 e4 4. Qe2 Qe7 5. Nd4 Nf6 6. Nc3 Qe5 7. Nf3 Qe7 8.
Ng5 Bf5 9. d3 exd3 10. cxd3 Nbd7 11. Bf4 Nb6 12. Bxc7 Nbxd5 13. Bg3 Qxe2+ 14.
Bxe2 Bb4 15. Kd2 h6 16. Nf3 Rc8 17. Rhc1 O-O 18. a3 Nxc3 19. bxc3 Ba5 20. Nd4
Bd7 21. Nb3 Bb6 22. a4 Be6 23. Rab1 Bd8 24. Bf3 b5 25. axb5 Nd5 26. c4 Bg5+ 27.
Ke1 Nf4 28. Bxf4 Bxf4 29. Rd1 Bf5 30. g3 Rfe8+ 31. Kf1 Bd6 32. Nd4 Bg6 33. Nc6
Bc5 34. Rbc1 Be7 35. d4 Bg5 36. c5 Bxc1 37. Rxc1 Bd3+ 38. Kg2 Rc7 39. Nxa7 Rxa7
40. b6 Ra6 41. b7 Bb5 42. d5 g5 43. c6 Bxc6 44. dxc6 g4 45. Bxg4 {Normal} 1-0

[Event "Rated Blitz game"]
[Site "?"]
[Date "2021.01.25"]
[Round "?"]
[White "berval"]
[Black "Tayota"]
[Result "1-0"]
[WhiteElo "2473"]
[BlackElo "2359"]
[PlyCount "81"]
[EventDate "2021.??.??"]
[EventType "blitz"]

1. e4 e5 2. Nf3 d5 3. Nxe5 Qe7 4. d4 f6 5. Nd3 Nc6 6. c3 Bf5 7. Be2 Bxe4 8. O-O
Qf7 9. Bf3 Bd6 10. Nc5 Bxc5 11. dxc5 Nge7 12. b4 a6 13. Bf4 Rc8 14. Nd2 Bd3 15.
Re1 O-O 16. Nb3 Bc4 17. Nd4 Nxd4 18. Qxd4 Ng6 19. Bg3 c6 20. h4 Rfe8 21. h5 Ne7
22. Bg4 f5 23. Bf3 Rcd8 24. Bh4 Ra8 25. Re5 Nc8 26. Rae1 Rxe5 27. Qxe5 Na7 28.
a4 Bb3 29. h6 Bxa4 30. hxg7 Bb3 31. Bf6 Bc2 32. Qe7 Be4 33. Qxf7+ Kxf7 34. Be5
Nb5 35. Bh5+ Kg8 36. f3 Bd3 37. Bf6 Be4 38. fxe4 fxe4 39. Rf1 Nc7 40. Be5 Ne6
41. Bf7# {Normal} 1-0

[Event "Rated Blitz tournament TC5NQGvd"]
[Site "?"]
[Date "2021.01.25"]
[Round "?"]
[White "Frogkiller"]
[Black "testchess2015"]
[Result "1-0"]
[WhiteElo "2497"]
[BlackElo "2289"]
[PlyCount "139"]
[EventDate "2021.??.??"]
[EventType "blitz"]

1. e4 e5 2. Nf3 d5 3. d4 f5 4. Nxe5 Nf6 5. exd5 Qxd5 6. Nc3 Bb4 7. a3 Bxc3+ 8.
bxc3 Nbd7 9. Bf4 Nxe5 10. Bxe5 Kf8 11. c4 Qe4+ 12. Qe2 Qxe2+ 13. Bxe2 c6 14.
O-O Kf7 15. Bf3 Re8 16. Rab1 Ne4 17. Bxe4 fxe4 18. f3 exf3 19. Rxf3+ Kg8 20. h3
c5 21. c3 b6 22. Rbf1 Ba6 23. Rf7 Rxe5 24. dxe5 Bxc4 25. Re7 Bxf1 26. Kxf1 Kf8
27. Rb7 Re8 28. Rxa7 Rxe5 29. Kf2 Re4 30. Rb7 Ra4 31. Rxb6 Rxa3 32. c4 Rc3 33.
Rb7 Rxc4 34. Kf3 h6 35. Rc7 Rd4 36. Rxc5 Rd7 37. Rc6 Rf7+ 38. Kg3 Kg8 39. Kh4
Kh7 40. g4 Rf6 41. Rc3 Rf7 42. Kg3 Re7 43. h4 Rd7 44. h5 Rb7 45. Kh4 Rb5 46.
Rc4 Rg5 47. Rc6 Rd5 48. Rc4 Rg5 49. Kg3 Rd5 50. Kf4 Rg5 51. Rd4 Rb5 52. Rd6 Rg5
53. Re6 Rb5 54. Re4 Rg5 55. Kg3 Rd5 56. Kh4 Rg5 57. Ra4 Rd5 58. Ra8 Rg5 59. Ra6
Rd5 60. Rg6 Rd3 61. Re6 Rd5 62. Re1 Rg5 63. Kg3 Rd5 64. Kf4 Rd3 65. Re5 Rd8 66.
Kf5 Rf8+ 67. Ke4 Rf6 68. g5 Ra6 69. g6+ Kh8 70. Re8# {Normal} 1-0

[Event "Rated Blitz tournament 8hhNuHbK"]
[Site "?"]
[Date "2021.01.25"]
[Round "?"]
[White "NEKI_NOVI_KLINAC"]
[Black "frundenyjengen"]
[Result "0-1"]
[WhiteElo "2444"]
[BlackElo "2202"]
[PlyCount "122"]
[EventDate "2021.??.??"]
[EventType "blitz"]

1. e4 e5 2. Nf3 d5 3. Nc3 d4 4. Ne2 f6 5. Ng3 Be6 6. d3 c5 7. Be2 Nc6 8. O-O
Bd6 9. h3 Nge7 10. c3 Qc7 11. a4 O-O 12. c4 f5 13. exf5 Nxf5 14. Nxf5 Bxf5 15.
Nh4 Be6 16. Bg4 Bf7 17. Nf5 Rae8 18. Nxd6 Qxd6 19. Bd2 e4 20. dxe4 Rxe4 21. Re1
Rxe1+ 22. Qxe1 Bxc4 23. Rc1 Bd5 24. a5 b6 25. axb6 axb6 26. b4 c4 27. Bg5 Qxb4
28. Be6+ Kh8 29. Bxd5 Qxe1+ 30. Rxe1 Na5 31. Be7 Re8 32. Bb4 Rxe1+ 33. Bxe1 c3
34. Kf1 b5 35. Ke2 b4 36. Kd3 b3 37. Kxd4 c2 38. Bd2 b2 39. Bxa5 c1=Q 40. Be4
b1=Q 41. Bxb1 Qxb1 42. Bd2 Qb2+ 43. Kd3 Qb5+ 44. Ke3 Qc5+ 45. Ke2 Qc4+ 46. Kf3
Qd3+ 47. Be3 g6 48. g4 Kg7 49. Kg3 Kf6 50. h4 h5 51. Kf4 Qc4+ 52. Kg3 Qxg4+ 53.
Kh2 Qxh4+ 54. Kg2 Qg4+ 55. Kf1 Qf3 56. Kg1 Kf5 57. Kh2 g5 58. Ba7 h4 59. Bb8 g4
60. Kg1 h3 61. Bg3 Qg2# {Normal} 0-1

[Event "Rated Blitz game"]
[Site "?"]
[Date "2021.01.25"]
[Round "?"]
[White "Punschkrapferl"]
[Black "Schachelite"]
[Result "1-0"]
[WhiteElo "2456"]
[BlackElo "2409"]
[PlyCount "183"]
[EventDate "2021.??.??"]
[EventType "blitz"]

1. e4 e5 2. Nf3 d5 3. Nxe5 Bd6 4. d4 dxe4 5. Bc4 Bxe5 6. Qh5 Qe7 7. Qxe5 Qxe5
8. dxe5 Ne7 9. Bf4 Nbc6 10. Nc3 Bf5 11. O-O-O Ng6 12. Bg3 Ngxe5 13. Bb3 O-O 14.
Rhe1 Rad8 15. Rxd8 Rxd8 16. Nxe4 Kf8 17. Nc5 b6 18. Bxe5 bxc5 19. Bxc7 Rd7 20.
Bf4 Nd4 21. Be3 Nxb3+ 22. axb3 Rc7 23. Bf4 Rc6 24. Re5 Be6 25. Be3 c4 26. bxc4
Rxc4 27. Bxa7 Ke7 28. Be3 Ra4 29. b3 Ra1+ 30. Kb2 Rh1 31. h3 Rh2 32. g3 Rxh3
33. c4 f6 34. Ra5 g5 35. Ra7+ Kd6 36. Ra6+ Ke7 37. c5 h5 38. b4 h4 39. gxh4
gxh4 40. Ra7+ Kd8 41. Rh7 Bd7 42. Bd4 f5 43. Rxh4 Rxh4 44. Bf6+ Kc7 45. Bxh4
Kc6 46. Kc3 Bc8 47. Bg5 Ba6 48. Bf4 Be2 49. Kd4 Bb5 50. Be3 Be2 51. Bd2 Bb5 52.
Bc3 Be2 53. Bb2 Bb5 54. Bc1 Be2 55. Ke5 Bd3 56. Bd2 Be4 57. Kd4 Bf3 58. Kc3 Be2
59. Kb3 Bb5 60. Kc2 Be2 61. Be3 Bb5 62. Kc3 Be2 63. Kd4 Bb5 64. Ke5 Bd3 65. Ke6
Be4 66. Ke5 Bd3 67. Bd4 Be4 68. Ke6 Bd3 69. Ke7 Be4 70. Kd8 Bd3 71. Kc8 Be4 72.
Kb8 Bd3 73. Ka7 Be4 74. Ka6 Bd3+ 75. Ka7 Bb5 76. Kb8 Bd3 77. Be5 Bb5 78. Bf4
Bd3 79. Kc8 Bb5 80. Kd8 Bd3 81. Ke7 Be4 82. Kf6 Bd3 83. Ke5 Be4 84. Kd4 Bf3 85.
Ke3 Be4 86. f3 Bd5 87. Kd4 Bxf3 88. Ke5 Be4 89. Bd2 Bd3 90. Be1 Bb5 91. Kf4 Bc4
92. Ke3 {Time forfeit} 1-0

[Event "Rated Blitz game"]
[Site "?"]
[Date "2021.01.25"]
[Round "?"]
[White "drawingchest"]
[Black "Fantastic_power06"]
[Result "1-0"]
[WhiteElo "2534"]
[BlackElo "2612"]
[PlyCount "29"]
[EventDate "2021.??.??"]
[EventType "blitz"]

1. e4 e5 2. Nf3 d5 3. d4 dxe4 4. Nxe5 Bd6 5. Nc4 Nc6 6. Nc3 Bb4 7. d5 Bxc3+ 8.
bxc3 Nce7 9. d6 Nf5 10. Qd5 cxd6 11. Qxe4+ Be6 12. Qxb7 Nf6 13. Qc6+ Bd7 14.
Nxd6+ Ke7 15. Nxf5+ {Normal} 1-0

[Event "Rated Blitz game"]
[Site "?"]
[Date "2021.01.25"]
[Round "?"]
[White "haychesspoker"]
[Black "oZDr0Zo"]
[Result "1-0"]
[WhiteElo "2462"]
[BlackElo "2355"]
[PlyCount "111"]
[EventDate "2021.??.??"]
[EventType "blitz"]

1. e4 e5 2. Nf3 d5 3. exd5 e4 4. Qe2 Nf6 5. d3 Qxd5 6. Nc3 Bb4 7. Bd2 Bxc3 8.
Bxc3 O-O 9. Ne5 exd3 10. Qxd3 Re8 11. f4 Nc6 12. O-O-O Qxa2 13. b3 Ng4 14. Nxg4
Bxg4 15. Qg3 Nb4 16. Bd3 Nd5 17. Bb2 h5 18. h3 Re3 19. Qf2 Bxd1 20. Rxd1 Rae8
21. Qh4 g6 22. f5 Nb4 23. Bc4 Qa5 24. Qf6 Na2+ 25. Kb1 Nc3+ 26. Bxc3 Qxc3 27.
Qxg6+ Kh8 28. Qh6+ Kg8 29. Qg6+ Qg7 30. Bxf7+ Kf8 31. Bxe8 Rxe8 32. Qxg7+ Kxg7
33. Rd7+ Kf6 34. g4 hxg4 35. hxg4 Re4 36. Rxc7 Rb4 37. Kb2 a5 38. c3 Rxg4 39.
Rxb7 Kxf5 40. Rb5+ Ke6 41. Rxa5 Kd6 42. b4 Kc6 43. Rc5+ Kb6 44. Kb3 Rg1 45. Rh5
Rg3 46. Rh6+ Kb5 47. Rh5+ Kb6 48. Rd5 Rf3 49. Kc4 Rg3 50. Rd6+ Kc7 51. Rh6 Kb7
52. b5 Rf3 53. Kb4 Rg3 54. c4 Rg1 55. Rh7+ Kb6 56. c5# {Normal} 1-0

[Event "Rated Blitz game"]
[Site "?"]
[Date "2021.01.25"]
[Round "?"]
[White "TrapperX"]
[Black "Sisyphus_64"]
[Result "0-1"]
[WhiteElo "2387"]
[BlackElo "2435"]
[PlyCount "64"]
[EventDate "2021.??.??"]
[EventType "blitz"]

1. e4 e5 2. Nf3 d5 3. Nxe5 Bd6 4. d4 dxe4 5. Nc4 Nf6 6. Bg5 h6 7. Bh4 Be7 8.
Nc3 Nc6 9. Bxf6 Bxf6 10. d5 Bxc3+ 11. bxc3 Ne7 12. Ne3 O-O 13. c4 f5 14. Qd4 f4
15. Nd1 Nf5 16. Qc3 Re8 17. Be2 Qg5 18. g3 f3 19. h4 Qg4 20. Bf1 e3 21. fxe3
Qxg3+ 22. Kd2 f2 23. Rh3 Qg1 24. Qd3 Ng3 25. Rxg3 Qxg3 26. Nc3 Re5 27. Ne2 Qxh4
28. Nf4 Bf5 29. Qd4 Rae8 30. Rb1 Re4 31. Qc3 Rxf4 32. exf4 Qxf4+ {Normal} 0-1

[Event "Rated Blitz game"]
[Site "?"]
[Date "2021.01.25"]
[Round "?"]
[White "Grandstodge"]
[Black "Schachelite"]
[Result "1-0"]
[WhiteElo "2349"]
[BlackElo "2420"]
[PlyCount "55"]
[EventDate "2021.??.??"]
[EventType "blitz"]

1. e4 e5 2. Nf3 d5 3. exd5 e4 4. Qe2 Nf6 5. d3 Qxd5 6. Nbd2 Be7 7. dxe4 Qe6 8.
g3 Nc6 9. c3 Bd7 10. Bg2 O-O-O 11. Ng5 Qg4 12. Qxg4 Nxg4 13. Nxf7 Bc5 14. Nxd8
Bxf2+ 15. Ke2 Rxd8 16. h3 Bxg3 17. hxg4 Bxg4+ 18. Bf3 Be6 19. Rg1 Bh2 20. Rg2
Be5 21. Bg4 Bxg4+ 22. Rxg4 h5 23. Rg1 h4 24. Nf3 Bg3 25. Bg5 Re8 26. Ke3 Ne5
27. Nxe5 Rxe5 28. Bf4 {Normal} 1-0

[Event "Rated Blitz game"]
[Site "?"]
[Date "2021.01.25"]
[Round "?"]
[White "ArielNinoAton"]
[Black "KamranShirazi"]
[Result "0-1"]
[WhiteElo "2370"]
[BlackElo "2467"]
[PlyCount "132"]
[EventDate "2021.??.??"]
[EventType "blitz"]

1. e4 e5 2. Nf3 d5 3. Nxe5 Bd6 4. d4 dxe4 5. Be2 Bxe5 6. dxe5 Qxd1+ 7. Bxd1 Nc6
8. Bf4 Nge7 9. Nc3 Bf5 10. O-O Ng6 11. Bg3 Ngxe5 12. Re1 O-O-O 13. Nxe4 f6 14.
f4 Nc4 15. b3 Nb2 16. Bf3 Nd4 17. Rab1 Bxe4 18. Bxe4 f5 19. Bxb7+ Kxb7 20. Rxb2
Rhe8 21. c3 Rxe1+ 22. Bxe1 Ne6 23. g3 Nc5 24. Rd2 Re8 25. Bf2 Ne4 26. Re2 Rd8
27. Bd4 g6 28. b4 a5 29. a3 Kc6 30. Kg2 Kb5 31. Kf3 a4 32. g4 Kc4 33. gxf5 gxf5
34. Re3 Kb3 35. b5 Kxa3 36. Be5 Rc8 37. c4+ Kb4 38. Re1 Kxc4 39. Bxc7 Kxb5 40.
Be5 a3 41. Rb1+ Ka4 42. Rb7 Nc3 43. Ra7+ Kb3 44. Rb7+ Kc2 45. Ra7 a2 46. Kf2
Ne4+ 47. Ke3 Kb1 48. Rb7+ Kc1 49. Ra7 Rc2 50. Rxh7 Nc3 51. Ra7 Kb1 52. Kd3 Nb5
53. Rb7 Rc5 54. Ke2 Rxe5+ 55. fxe5 a1=Q 56. Rxb5+ Kc2 57. Rc5+ Kb3 58. Rb5+ Kc4
59. Rb7 Qxe5+ 60. Kf3 Qd5+ 61. Kg3 Qxb7 62. h4 Qe4 63. Kh3 Qg4+ 64. Kh2 Qxh4+
65. Kg2 Qf4 66. Kg1 Qg4+ {Normal} 0-1

[Event "Rated Blitz game"]
[Site "?"]
[Date "2021.01.25"]
[Round "?"]
[White "oZDr0Zo"]
[Black "AlaEldin"]
[Result "0-1"]
[WhiteElo "2446"]
[BlackElo "2268"]
[PlyCount "54"]
[EventDate "2021.??.??"]
[EventType "blitz"]

1. e4 e5 2. Nf3 d5 3. exd5 e4 4. Qe2 Nf6 5. Nc3 Be7 6. Ng5 O-O 7. Ngxe4 Re8 8.
d3 Nxd5 9. Nxd5 Qxd5 10. Be3 f5 11. Nc3 Bb4 12. Qh5 Qc6 13. Kd2 Be6 14. Be2 Nd7
15. Bf3 Qb5 16. a3 Bxc3+ 17. bxc3 Ne5 18. Rhb1 Qa5 19. Rxb7 Rad8 20. Rb4 c5 21.
Rh4 h6 22. Bxh6 Nc4+ 23. Kc1 Qxc3 24. Rb1 Bf7 25. Qg5 Re1+ 26. Bd1 Qxa3+ 27.
Rb2 Qxb2# {Normal} 0-1

[Event "Rated Blitz tournament 1ldXexT2"]
[Site "?"]
[Date "2021.01.25"]
[Round "?"]
[White "ZOV_UKR"]
[Black "Schachelite"]
[Result "1-0"]
[WhiteElo "2260"]
[BlackElo "2404"]
[PlyCount "125"]
[EventDate "2021.??.??"]
[EventType "blitz"]

1. e4 e5 2. Nf3 d5 3. Nxe5 Bd6 4. d4 dxe4 5. Nc3 Nf6 6. Bg5 O-O 7. Bc4 Bxe5 8.
dxe5 Qxd1+ 9. Rxd1 Ng4 10. Bf4 Nc6 11. Bd5 Ngxe5 12. Bxe4 Nc4 13. b3 Nd6 14.
Bxd6 cxd6 15. Rxd6 Re8 16. O-O Ne5 17. Rfd1 Rb8 18. f4 Ng6 19. g3 Bg4 20. R1d2
Rbc8 21. Bxg6 hxg6 22. Nd5 Re1+ 23. Kf2 Rce8 24. Nc3 Rh1 25. h4 Ree1 26. Rd8+
Kh7 27. Ne2 Rhf1+ 28. Ke3 Rg1 29. Kf2 Rh1 30. Re8 b5 31. a4 b4 32. Re7 a5 33.
Rxf7 Rhf1+ 34. Ke3 Rf3+ 35. Ke4 Rf2 36. Ke3 Rexe2+ 37. Rxe2 Rxe2+ 38. Kd3 Rg2
39. Ra7 Rxg3+ 40. Kd4 Bd1 41. Rxa5 Bxc2 42. Rb5 Rxb3 43. a5 Ra3 44. Rxb4 Rxa5
45. Ke3 Ra3+ 46. Kf2 Bf5 47. Kg2 Rh3 48. Rb5 Rxh4 49. Kg3 Rg4+ 50. Kf3 Rh4 51.
Kg3 Rh3+ 52. Kg2 Ra3 53. Rc5 Kh6 54. Rb5 Kh5 55. Rb4 Rc3 56. Kf2 Kg4 57. Ke2
Rc2+ 58. Kd1 Ra2 59. Ke1 Kf3 60. Rb3+ Kxf4 61. Rb4+ Ke3 62. Rb3+ Bd3 63. Rb1 {
Time forfeit} 1-0